| 000 | 00668nam a2200241Ia 4500 | ||
|---|---|---|---|
| 003 | OSt | ||
| 005 | 20220924122123.0 | ||
| 006 | a|||||r|||| 00| 0 | ||
| 007 | ta | ||
| 008 | 220923b |||||||| |||| 00| 0 urd d | ||
| 024 | _a322028 | ||
| 037 | _cTextual | ||
| 040 |
_aARTS _cARTS _burd |
||
| 041 |
_2urd _aurd |
||
| 082 | _aT0aQ7, 168L5 | ||
| 100 |
_aRafiuddin Mohammad Au. _9188378 |
||
| 245 | 0 | _aIslam ka nazariya-e-taleem | |
| 260 |
_aLahore _bIdara-e-saqafat-e-islamia Pakistan _c1975 |
||
| 650 |
_a ISLAM _9577 |
||
| 650 | _aEDUCATION | ||
| 942 |
_hT0aQ7, 168L5 _cTEXL _2CC |
||
| 999 |
_c410354 _d410354 |
||